LEADER 01462nam a2200301 u 4500 001 000000013732 003 CaOOAMICUS 005 20070226105701.0 008 940517m19151924gw u000 u lat u 035 $a10326591 040 $aPUL(R)$bita 100 1 $aOvidius Naso, Publius,$d43 a.C.-17/18 d. C.$0(OLS)http://pul/name/4714 245 10$aP. Ovidius Naso.. 260 $aLipsiae :$bin aedibus B.G. Teubneri,$c1915-1924. 300 $a3 v. in 4 ;$c18 cm 490 1 $aBibliotheca scriptorum Graecorum et Romanorum Teubneriana 500 $aV. I lacking$5AAR. 505 0 $av. II: Metamorphoses ... ed. R. Ehwald; ed. maior ... - v. III-1: Tristium libri bis ex Ponto libri IV, ed. R. Ehwald et Fridericus Waltharius Levy. - v. III-2: Fastorum libri VI Fragmenta, ed. R. Ehwald et Fr. W. Levy. 700 1 $aLevy, Friedrich Walther.$0(OLS)http://pul/name/12872 700 1 $aEhwald, Rudolf,$d1847-1927.$0(OLS)http://pul/name/4722 830 0$aBibliotheca scriptorum Graecorum et Romanorum Teubneriana.$0(OLS)http://pul/title/1299 850 $aPUL 852 $aPUL$W1$xDP1 Fondo Ciprotti$y59$m1546 B 1$j19309$nBK-PRI$b $qFondi$B19309$CPULBib$Z2$F19309 $H $81 900 $aOvidio Nasone, Publio,$d43 a.C.-17/18 d.C.$94714 941 1 $a1 961 $aINV: F.CIPROTTI 996 $6245$aP. Ovidius Naso..$9(OLS)http://pul/title/19785 996 $6260$aLipsiae :$bin aedibus B.G. Teubneri$9(OLS)http://pul/publisher/48009 LEADER 01196nam a2200301 a 4500 001 000000167263 003 CaOOAMICUS 005 20180419115714.0 008 180419s1974 it u000 u ita r 032 $aLibriCat 040 $aPUL$bita 041 1 $aita$hger 100 1 $aHorkheimer, Max,$d1895-1973.$0(OLS)http://pul/name/14802 240 10$aDialektik der Aufklärung.$lItaliano.$0(OLS)http://pul/title/168464 245 10$aDialettica dell'illuminismo /$cMax Horkheimer ; Theodor W. Adorno. 260 $aTorino :$bEinaudi,$c1974. 300 $a448 p. ;$c20 cm. 490 1 $aReprints ;$v01 504 $aBibliografia in nota. 650 4$aIlluminismo$xStudi.$0(OLS)http://pul/subject/39460 700 1 $aAdorno, Theodor Wiesengrund,$d1903-1969.$0(OLS)http://pul/name/506 830 0$aReprints Einaudi ;$v01.$0(OLS)http://pul/title/16411 850 $aPUL 852 $aPUL$W1$xDP1 Fondo Dalla Palma$y117$m2 C 97$j157112$qFondi$B194803$CPULBib$Z2$F194803 $HDal2475 $81 941 1 $a1 996 $6245$aDialettica dell'illuminismo$9(OLS)http://pul/title/168465 996 $6260$aTorino :$bEinaudi$9(OLS)http://pul/publisher/48130